The growth of a nation; (Record no. 549896)
[ view plain ]
| 000 -LEADER | |
|---|---|
| fixed length control field | 00476cam a22001331 4500 |
| 082 ## - DEWEY DECIMAL CLASSIFICATION NUMBER | |
| Classification number | 973 |
| Author Mark | BRO |
| -- | L-27, P-7 |
| 100 1# - MAIN ENTRY--PERSONAL NAME | |
| Personal name | Brooks, Emerson M. |
| 9 (RLIN) | 46596 |
| 245 14 - TITLE STATEMENT | |
| Title | The growth of a nation; |
| Remainder of title | a pictorial review of the United States of America from colonial days to the present. |
| Statement of responsibility, etc. | Introd. by Henry Bamford Parkes. |
| 250 ## - EDITION STATEMENT | |
| Edition statement | [1st ed.] |
| 260 ## - PUBLICATION, DISTRIBUTION, ETC. | |
| Place of publication, distribution, etc. | New York, |
| Name of publisher, distributor, etc. | Dutton, |
| Date of publication, distribution, etc. | 1956. |
| 300 ## - PHYSICAL DESCRIPTION | |
| Extent | 320 p. |
| Other physical details | illus. |
| Dimensions | 28 cm. |
| 526 ## - STUDY PROGRAM INFORMATION NOTE | |
| Program name | 0 |
| Interest level | 0 |
| Reading level | 0 |
| Title point value | 973_000000000000000_BRO |
| 942 ## - ADDED ENTRY ELEMENTS (KOHA) | |
| Source of classification or shelving scheme | |
| Koha item type | Book |
| Withdrawn status | Lost status | Source of classification or shelving scheme | Damaged status | Not for loan | Permanent Location | Current Location | Date acquired | Total Checkouts | Full call number | Barcode | Date last seen | Date last checked out | Price effective from | Koha item type |
|---|---|---|---|---|---|---|---|---|---|---|---|---|---|---|
| Military College of Engineering (MCE) | Military College of Engineering (MCE) | 10/15/2014 | 1 | 973 BRO | MCE-40033 | 08/24/2020 | 03/19/2020 | 10/15/2014 | Book |
